[Event "Victoria Grand Pacific op 8th"]
[Site "Victoria"]
[Date "2014.04.20"]
[Round "5"]
[White "Yu, Rinna"]
[Black "Patterson, Roger"]
[Result "0-1"]
[WhiteElo "1591"]
[BlackElo "2108"]
[PlyCount "96"]
[EventDate "2014.04.18"]
[EventType "swiss"]
[EventRounds "6"]
[EventCountry "CAN"]
[SourceTitle "CBM 160 Extra"]
[Source "ChessBase"]
[SourceDate "2014.07.01"]
[SourceVersion "1"]
[SourceVersionDate "2014.07.01"]
[SourceQuality "1"]

1. e4 c5 2. Nf3 d6 3. Nc3 Nc6 4. d4 cxd4 5. Nxd4 Nf6 6. Be2 e6 7. Be3 Be7 8. 0-0 0-0 9. h3 a6 10. Qd2 Qc7 11. a4 Bd7 12. f4 Nxd4 13. Bxd4 e5 14. Be3 Bc6 15. Bf3 exf4 16. Bxf4 Nd7 17. Nd5 Bxd5 18. exd5 Bf6 19. Qb4 Be5 20. Be3 Rae8 21. Rae1 Qxc2 22. Qxb7 Nc5 23. Qc6 Rc8 24. Qb6 Qxa4 25. Kh1 Nd3 26. Ra1 Qh4 27. Bg4 Qg3 28. Bg1 Rc2 29. Bf3 Rxb2 30. Qe3 Nc5 31. Rfb1 Rfb8 32. Rxb2 Rxb2 33. Rf1 a5 34. Qa3 a4 35. Qe3 g6 36. Qe1 Qxe1 37. Rxe1 Nb3 38. Bd1 a3 39. Bxb3 Rxb3 40. Bh2 a2 41. Bxe5 dxe5 42. Kh2 Rb1 43. Rxe5 a1Q 44. Re8+ Kg7 45. d6 Rh1+ 46. Kg3 Qa3+ 47. Kf2 Qxd6 48. Re2 Qf4# 0-1

[Event "CAN-ch U10 Girls"]
[Site "Vancouver"]
[Date "2012.07.04"]
[Round "3"]
[White "Zhang, Jeannie"]
[Black "Yu, Rinna"]
[Result "0-1"]
[WhiteElo "1027"]
[BlackElo "809"]
[PlyCount "80"]
[EventDate "2012.07.03"]
[EventType "swiss"]
[EventRounds "7"]
[EventCountry "CAN"]
[SourceTitle "EXT 2022"]
[Source "ChessBase"]
[SourceDate "2021.10.06"]
[SourceVersion "1"]
[SourceVersionDate "2021.10.06"]
[SourceQuality "1"]

1. e4 e5 2. Nf3 d6 3. Bc4 h6 4. c3 f5 5. exf5 Bxf5 6. d4 Nd7 7. dxe5 Nxe5 8. Nxe5 dxe5 9. Qxd8+ Rxd8 10. 0-0 Be7 11. Re1 Bf6 12. Nd2 Ne7 13. Nf3 Ng6 14. Nd4 Bc8 15. h3 c6 16. Nf3 Kd7 17. Bd2 Kc7 18. Rad1 Rd7 19. Bc1 Re7 20. Bb3 Nf4 21. Bxf4 exf4 22. Rxe7+ Bxe7 23. Ne5 Bf5 24. g4 fxg3 25. fxg3 Re8 26. g4 Bc5+ 27. Kg2 Rxe5 28. gxf5 Rxf5 29. Bc2 Rf2+ 30. Kg3 Rxc2 31. Rb1 h5 32. Kh4 g6 33. Kg5 Rg2+ 34. Kh6 Be3+ 35. Kg7 g5 36. Re1 Bd2 37. Re5 g4 38. hxg4 hxg4 39. b4 Bxc3 40. Kg6 Bxe5 0-1